| 000 | 00369nam a22001337a 4500 | ||
|---|---|---|---|
| 082 |
_a387.71 _bNAT |
||
| 100 |
_aNational Research Council _926742 |
||
| 245 | _aAirport Capacity And Palning | ||
| 260 |
_aWashington D. C. _bNational Academy of Scinecs _c1977 |
||
| 300 | _a31 P. : | ||
| 526 |
_a0 _b0 _c0 _d387_710000000000000_NAT |
||
| 650 |
_aMCE _9379 |
||
| 942 |
_2ddc _cBK |
||
| 999 |
_c543020 _d543020 |
||